000
00335 a2200157 4500
001
59470
020
_a
0194231704
040
_c
Anchieta - Pituba
100
_a
Foster, Mark
240
1
0
_a
Taxi of terror
_l
Ing
245
1
0
_a
Taxi of terror
300
_a
30
362
0
_a
2000
650
4
_a
Literatura juvenil em inglês
942
_c
BK
999
_c
59470
_d
59470